Thiago Motta's Juventus - Statistics

General Stats
  • This quiz has been taken 27 times
  • The average score is 24 of 29
Answer Stats
Rank Player Position Nationality Matches Goals Assists % Correct
9 Dušan Vlahović Centre-Forward 34 14 2
100%
2 Federico Gatti Centre-Back 39 1 2
100%
1 Kenan Yıldız Left Winger 41 6 5
100%
3 Manuel Locatelli Defensive Midfield 39 0 2
100%
21 Mattia Perin Goalkeeper 9 0 0
100%
5 Teun Koopmeiners Attacking Midfield 37 3 3
100%
10 Timothy Weah Right Winger 33 6 5
100%
6 Weston McKennie Central Midfield 35 5 3
100%
22 Bremer Centre-Back 8 0 0
96%
13 Francisco Conceição Right Winger 30 5 5
96%
4 Khéphren Thuram Central Midfield 39 4 5
96%
8 Michele Di Gregorio Goalkeeper 34 0 0
96%
15 Nico González Right Winger 26 3 4
96%
11 Pierre Kalulu Centre-Back 32 1 0
96%
7 Andrea Cambiaso Left-Back 35 2 3
92%
18 Danilo Centre-Back 16 0 1
92%
20 Juan Cabal Left-Back 9 0 1
88%
14 Samuel Mbangula Left Winger 30 4 5
88%
23 Lloyd Kelly Centre-Back 8 0 0
83%
17 Douglas Luiz Central Midfield 22 0 0
79%
19 Randal Kolo Muani Centre-Forward 11 5 2
79%
26 Vasilije Adžić Attacking Midfield 5 0 0
79%
16 Nicolò Fagioli Central Midfield 22 0 1
75%
12 Nicolò Savona Right-Back 31 2 1
71%
27 Alberto Costa Right-Back 4 0 0
67%
25 Jonas Rouhi Left-Back 6 0 0
63%
24 Renato Veiga Centre-Back 6 0 0
54%
28 Diego Pugno Centre-Forward 1 0 0
29%
29 Lorenzo Anghelè Second Striker 1 0 0
17%
No matching quizzes found
Score Distribution
Percent of People with Each Score
Percentile by Number Answered
Your Score History
You have not taken this quiz